[Event "AUTO-BEG-397"]
[Site "http://www.queenalice.com/game.php?id=817214"]
[Date "2010.8.12"]
[Round "2"]
[White "sadalajorge"]
[Black "cruiseymorph"]
[Result "1-0"]
[WhiteElo "1641"]
[BlackElo "1690"]

1. e4 g6 2. Nf3 Bg7 3. d4 d6 4. Bg5 Nf6 5. Bd3 O-O 6. O-O Bg4 7. Nbd2 Nc6 8. c3
e5 9. d5 Ne7 10. a4 Rc8 11. a5 c6 12. c4 Nd7 13. h3 Bxf3 14. Nxf3 f6 15. Be3 c5
16. Qd2 f5 17. Bh6 fxe4 18. Bxe4 Nf5 19. Bxg7 Kxg7 20. Ng5 Nd4 21. Ne6+ Nxe6 22.
dxe6 Nf6 23. Bxb7 Rb8 24. a6 Qe7 25. Bd5 Ne8 26. Qc3 Nc7 27. f4 Rf5 28. g4 Nxd5
29. cxd5 1-0

[Event "AUTO-BEG-397"]
[Site "http://www.queenalice.com/game.php?id=817215"]
[Date "2010.8.12"]
[Round "2"]
[White "cruiseymorph"]
[Black "sadalajorge"]
[Result "0-1"]
[WhiteElo "1690"]
[BlackElo "1659"]

1. e4 e5 2. f4 exf4 3. Nf3 g5 4. h4 g4 5. Ne5 g3 6. Nxf7 Kxf7 7. Qh5+ Kg7 8.
Qg4+ Kf7 9. Bc4+ d5 10. Bxd5+ Ke8 11. Qh5+ Kd7 12. Qf5+ Kd6 13. Qxf4+ Kc5 14.
b4+ Kb6 15. Qe3+ c5 16. bxc5+ Bxc5 17. Qb3+ Kc7 18. Qxg3+ Qd6 19. Qg5 Bd4 20. d3
Qf6 21. Bf4+ Kb6 22. Qxf6+ Nxf6 23. c3 Nxd5 24. exd5 Bf6 25. O-O Bxh4 26. g3 Rg8
27. Kh2 Be7 28. Nd2 Kc5 29. c4 Kd4 0-1

[Event "QA-ANNIV-06"]
[Site "http://www.queenalice.com/game.php?id=836872"]
[Date "2010.9.23"]
[Round "2"]
[White "porkrat"]
[Black "sadalajorge"]
[Result "1-0"]
[WhiteElo "1572"]
[BlackElo "1676"]

1. e4 e5 2. Qh5 Nc6 3. Bb5 Nge7 4. Bxc6 Nxc6 5. Nc3 Bc5 6. Nf3 d6 7. Ng5 Qf6 8.
O-O Nd4 9. Nd5 Qg6 10. Nxc7+ Kd7 11. Qxg6 fxg6 12. Nxa8 Nxc2 13. Rb1 Kc6 14. b3
Bg4 15. Rb2 Nd4 16. h3 Be2 17. Re1 h6 18. Nf3 Bxf3 19. gxf3 Nxf3+ 20. Kf1 Nxe1
21. Kxe1 Rxa8 22. Rc2 Rf8 23. b4 Rxf2 24. bxc5 Rh2 25. cxd6+ Kxd6 26. Ba3+ Ke6
27. Rc7 Rxh3 28. Bc5 b6 29. Bf8 a5 30. Bxg7 h5 31. Rc6+ Kf7 32. Bxe5 b5 33. Rc5
Rh1+ 34. Ke2 1-0

[Event "AUTO-OPEN-1977"]
[Site "http://www.queenalice.com/game.php?id=838357"]
[Date "2010.9.26"]
[Round "2"]
[White "TheBigSid"]
[Black "sadalajorge"]
[Result "1-0"]
[WhiteElo "2121"]
[BlackElo "1656"]

1. d4 Nf6 2. c4 g6 3. Nc3 Bg7 4. e4 d6 5. f3 O-O 6. Nge2 e5 7. Be3 c6 8. Qd2
Nbd7 9. O-O-O a5 10. h4 a4 11. g4 Qa5 12. h5 b5 13. d5 cxd5 14. Nxd5 Qxd2+ 15.
Rxd2 Nxd5 16. Rxd5 bxc4 17. Rxd6 a3 18. Nc3 axb2+ 19. Kxb2 Ra6 20. Rxa6 Bxa6 21.
Be2 Rc8 22. hxg6 fxg6 23. Rd1 Nc5 24. Rd5 Nd3+ 25. Bxd3 cxd3 26. Rd6 Rb8+ 27.
Kc1 Bc4 28. Rc6 Bf7 29. Kd2 Rd8 30. Rc5 h5 31. gxh5 gxh5 32. a4 Rd7 33. Nd5 h4
34. Kxd3 h3 35. Bg1 Be6 36. Bh2 Bf8 37. Rc7 Rd8 38. Kc4 Bg7 39. a5 Rf8 40. a6
Rxf3 41. a7 Ra3 42. Rb7 Kh7 43. Kc5 Ra2 44. Bxe5 Ra5+ 45. Kb6 1-0

[Event "AUTO-OPEN-1977"]
[Site "http://www.queenalice.com/game.php?id=838358"]
[Date "2010.9.26"]
[Round "2"]
[White "sadalajorge"]
[Black "TheBigSid"]
[Result "0-1"]
[WhiteElo "1654"]
[BlackElo "2118"]

1. e4 e6 2. d4 d5 3. Nc3 Nf6 4. Bg5 dxe4 5. Bxf6 gxf6 6. Nxe4 Nc6 7. Nf3 Bd7 8.
Be2 f5 9. Nc3 Rg8 10. h4 Qf6 11. g3 O-O-O 12. a3 Ne7 13. Ne5 Bc6 14. Bf3 Bxf3
15. Nxf3 f4 16. Ne4 Qf5 17. Qd3 Nc6 18. O-O-O Bg7 19. c3 Ne5 20. Qe2 Nxf3 21.
Qxf3 Bh6 22. Ng5 Bxg5 23. hxg5 Rxg5 24. Qxf4 Qxf4+ 25. gxf4 Rf5 26. Rxh7 Rxf4
27. Rd2 c6 28. a4 Rd5 29. b4 Rdf5 30. Rh2 Kc7 31. Kc2 a5 32. Kb3 axb4 33. cxb4
Rf3+ 34. Kb2 Kd6 35. Kc2 Kd5 36. b5 cxb5 37. axb5 Kc4 38. b6 Kb5 39. Kd1 Kxb6
40. Rb2+ Kc6 41. Rc2+ Kd6 42. Rb2 b5 43. Ke2 Kc6 44. Rc2+ Kb6 45. Rc5 b4 46.
Rxf5 Rxf5 47. Kd3 Kb5 48. Ke3 Kc4 49. f4 b3 50. Rf2 Kc3 0-1

[Event "AUTO-OPEN-1977"]
[Site "http://www.queenalice.com/game.php?id=838364"]
[Date "2010.9.26"]
[Round "2"]
[White "sadalajorge"]
[Black "vagner_pirai"]
[Result "1-0"]
[WhiteElo "1673"]
[BlackElo "2048"]

1. e4 c6 2. d4 d5 3. Nc3 dxe4 4. Nxe4 Bf5 5. Ng3 Bg6 6. h4 h5 7. Nf3 e6 8. Bd3
Bxd3 9. Qxd3 Nd7 10. Bg5 Be7 11. O-O c5 12. Qb5 Qb6 13. Qxb6 axb6 14. Rad1 Bxg5
15. Nxg5 Ne7 16. a3 Nc6 17. c3 Nf6 18. f3 Nd5 19. Rfe1 O-O 20. Nxh5 cxd4 21.
cxd4 g6 22. Ng3 Nf4 23. Re4 Nd5 24. Ne2 Rae8 25. Nc3 f5 26. Rxe6 Rxe6 27. Nxe6
Nxc3 28. bxc3 Ra8 29. Ra1 b5 30. d5 Ne5 31. Nc7 Rd8 32. Rd1 Nc4 33. Nxb5 Ne3 34.
Rd3 Rxd5 35. Rxd5 Nxd5 36. c4 Nf4 37. Kf2 Kf8 38. g3 Nd3+ 39. Ke3 Ne1 40. g4
Ng2+ 41. Kd4 Nxh4 42. gxf5 Nxf3+ 43. Ke4 Nh4 44. f6 Nf5 45. c5 Kf7 46. Ke5 Ne3
47. Nd6+ Kf8 48. a4 g5 49. Nxb7 g4 50. Kf4 Nd5+ 51. Kxg4 Nxf6+ 52. Kf5 Ke7 53.
Ke5 Ne8 54. c6 Nc7 55. a5 Nb5 56. a6 Na7 57. Kd5 Nb5 58. Kc5 Na7 59. Kb6 Nc8+
60. Kc7 Na7 61. Nc5 Ke8 62. Kb7 Nb5 63. a7 1-0

[Event "AUTO-INT-1899"]
[Site "http://www.queenalice.com/game.php?id=871629"]
[Date "2010.12.14"]
[Round "1"]
[White "sadalajorge"]
[Black "robinud"]
[Result "1-0"]
[WhiteElo "1691"]
[BlackElo "1680"]

1. e4 e5 2. Nf3 d6 3. Bc4 h6 4. O-O Nf6 5. d4 Nc6 6. Be3 Nxe4 7. Bd5 Nf6 8.
Bxc6+ bxc6 9. dxe5 Nd5 10. Bd4 c5 11. Be3 Nxe3 12. fxe3 Bg4 13. Qd5 Be6 14. Qd3
c4 15. Qd4 c5 16. Qc3 Be7 17. Nbd2 d5 18. e4 d4 19. Qa3 O-O 20. Qa6 d3 21. cxd3
cxd3 22. Nc4 Bxc4 23. Qxc4 Rb8 24. b3 Rb4 25. Qc3 Rxe4 26. Rad1 Re3 27. Rfe1
Rxe1+ 28. Nxe1 Qb6 29. Kh1 d2 30. Nf3 Bg5 31. Nxg5 hxg5 32. Rxd2 Qg6 33. g3 Qe4+
34. Kg1 Qe1+ 35. Kg2 f6 36. Qc4+ Kh7 37. Qd3+ Kg8 38. Re2 Qa5 39. e6 Qc7 40. Qd5
Kh8 41. e7 Re8 42. Qf7 Qc6+ 43. Kg1 c4 44. bxc4 Qc5+ 45. Kg2 Qc6+ 46. Qd5 Qc7
47. Qe4 Kg8 48. Qd5+ Kh8 49. Qf7 Kh7 50. Qxe8 Qxc4 51. Qh5+ 1-0

[Event "AUTO-INT-1899"]
[Site "http://www.queenalice.com/game.php?id=871630"]
[Date "2010.12.14"]
[Round "1"]
[White "robinud"]
[Black "sadalajorge"]
[Result "0-1"]
[WhiteElo "1768"]
[BlackElo "1652"]

1. e4 e5 2. Nf3 Nc6 3. Bc4 Bc5 4. c3 Nh6 5. b4 Bb6 6. d3 Ng4 7. O-O O-O 8. Bxf7+
Rxf7 9. Qb3 Nxf2 10. Rxf2 Bxf2+ 11. Kxf2 Qh4+ 12. Kg1 Qg4 13. Nbd2 d6 14. h3 Qg6
15. Nh4 Qg3 16. Ndf3 Bxh3 17. Ng5 Rf8 18. Nxh3 Qe1+ 19. Kh2 Qxh4 20. Bg5 Qg4 21.
Qd1 h5 22. Qxg4 hxg4 23. Ng1 Rf1 24. Rxf1 Rxf1 25. a4 Kh7 26. Kg3 Rxg1 0-1

[Event "AUTO-INT-1899"]
[Site "http://www.queenalice.com/game.php?id=871631"]
[Date "2010.12.14"]
[Round "1"]
[White "sadalajorge"]
[Black "kiteflyer"]
[Result "1-0"]
[WhiteElo "1700"]
[BlackElo "1869"]

1. e4 c5 2. Nf3 d6 3. d4 cxd4 4. Nxd4 Nf6 5. Nc3 a6 6. Be2 e6 7. O-O Be7 8. Be3
O-O 9. Nf3 Nc6 10. a3 b5 11. b4 Bb7 12. Qb1 Ng4 13. Bf4 Bf6 14. Qb3 Nge5 15.
Rfd1 h6 16. Nxe5 Nxe5 17. Rac1 Qc7 18. Bd2 Qc6 19. a4 d5 20. axb5 axb5 21. exd5
exd5 22. Bxb5 Qd6 23. Bf4 Nf3+ 24. gxf3 Qxf4 25. Nxd5 Bxd5 26. Qxd5 Qg5+ 27. Kf1
Qxd5 28. Rxd5 Bc3 29. Bc6 Rab8 30. b5 Rfd8 31. Rxd8+ Rxd8 32. b6 Be5 33. h3 Rd6
34. Be4 Rxb6 35. c4 Bf4 36. Rc2 Kf8 37. c5 Ra6 38. c6 Ra7 39. h4 Ke7 40. Kg2 h5
41. Rc4 Kd6 42. Bd3 Ra3 43. c7 Ra8 44. c8=Q Rxc8 45. Rxc8 Ke5 46. Be4 g5 47. Kh3
Kf6 48. Re8 Bd2 49. hxg5+ Bxg5 50. Kg3 Kg7 51. f4 Bf6 52. f5 h4+ 53. Kg4 Kh6 54.
Rb8 Kg7 55. Rb7 1-0

[Event "AUTO-INT-1899"]
[Site "http://www.queenalice.com/game.php?id=871632"]
[Date "2010.12.14"]
[Round "1"]
[White "kiteflyer"]
[Black "sadalajorge"]
[Result "1-0"]
[WhiteElo "1650"]
[BlackElo "1669"]

1. e4 e5 2. Nf3 Nc6 3. Bb5 Nf6 4. O-O Bd6 5. Re1 O-O 6. d4 a6 7. Ba4 b5 8. Bb3
Re8 9. Ng5 exd4 10. Bxf7+ Kf8 11. Bxe8 Qxe8 12. e5 Bxe5 13. f4 Qh5 14. fxe5 Ng4
15. Qf3+ Kg8 16. h3 1-0

[Event "AUTO-INT-1899"]
[Site "http://www.queenalice.com/game.php?id=871633"]
[Date "2010.12.14"]
[Round "1"]
[White "sadalajorge"]
[Black "Korchnoico"]
[Result "0-1"]
[WhiteElo "1707"]
[BlackElo "1938"]

1. e4 c5 2. Nf3 e6 3. Bb5 a6 4. Bc4 b5 5. Be2 Bb7 6. d3 Nf6 7. O-O Be7 8. Be3 d5
9. e5 Nfd7 10. d4 c4 11. c3 O-O 12. Qc1 b4 13. Bg5 Bxg5 14. Nxg5 h6 15. Nh3 bxc3
16. Nxc3 Nc6 17. Qd2 Qb6 18. Rfd1 Qd8 19. b3 cxb3 20. axb3 Rc8 21. Bxa6 Bxa6 22.
Rxa6 Ndb8 23. Ra8 Nd7 24. Rxc8 Qxc8 25. Nb5 Qb7 26. Qd3 Qa8 27. Nd6 Rb8 28. Rb1
Qa7 29. Rd1 Qa3 30. Rb1 Na5 31. Nb5 Qb4 32. Nc3 Nxb3 33. Na2 Qxd4 34. Qxd4 Nxd4
35. Rxb8+ Nxb8 36. Nc3 Kf8 37. f4 Ke7 38. Kf2 f6 39. g3 fxe5 40. fxe5 Nbc6 41.
Ke3 Nf5+ 42. Kd2 Nxe5 43. g4 Nh4 44. Ke3 Nxg4+ 45. Kf4 Nxh2 46. Ng1 g5+ 47. Kg3
Nf1+ 48. Kf2 Nd2 49. Nge2 Kf6 50. Nb5 Ne4+ 51. Ke3 Nf5+ 52. Kd3 Neg3 53. Nec3 h5
54. Kd2 Ne4+ 55. Nxe4+ dxe4 56. Nc3 e3+ 57. Ke2 h4 58. Ne4+ Kg6 59. Kf3 h3 0-1

[Event "AUTO-INT-1899"]
[Site "http://www.queenalice.com/game.php?id=871634"]
[Date "2010.12.14"]
[Round "1"]
[White "Korchnoico"]
[Black "sadalajorge"]
[Result "1-0"]
[WhiteElo "1804"]
[BlackElo "1703"]

1. e4 e5 2. d3 d5 3. exd5 Qxd5 4. Nc3 Qd6 5. Ne4 Qc6 6. Nf3 Bg4 7. Be2 Nf6 8.
Nxe5 Bxe2 9. Qxe2 Qe6 10. Nf3 Be7 11. Nxf6+ Bxf6 12. Qxe6+ fxe6 13. O-O O-O 14.
Re1 Re8 15. Bg5 Bxb2 16. Rab1 Bc3 17. Rxb7 Bxe1 18. Nxe1 h6 19. Be3 Nc6 20. Rxc7
Rec8 21. Rxc8+ Rxc8 22. c4 e5 23. h3 Nd4 24. Bxd4 exd4 25. Nc2 Kf7 26. Nxd4 Rd8
27. Nc6 Rxd3 28. Nxa7 Ra3 29. Nc6 Rxa2 30. Ne5+ Ke6 31. Nf3 Rc2 32. Nd4+ Ke5 33.
Nxc2 g5 34. Ne3 h5 35. Kh2 Kd4 36. g3 Kc5 37. Kg2 Kd4 38. Kf3 Kc5 39. Ke4 Kb4
40. Kf5 1-0

[Event "Challenge"]
[Site "http://www.queenalice.com/game.php?id=908186"]
[Date "2011.3.3"]
[Round "-"]
[White "sadalajorge"]
[Black "rodrigomni"]
[Result "1-0"]
[WhiteElo "1723"]
[BlackElo "1553"]

1. d4 d5 2. c4 dxc4 3. Nf3 b5 4. Nc3 c6 5. g3 Bg4 6. Bg2 Bxf3 7. Bxf3 e6 8. Nxb5
cxb5 9. Bxa8 Bb4+ 10. Bd2 Na6 11. Bc6+ Ke7 12. Bxb4+ Nxb4 13. Bf3 Qa5 14. O-O
Nf6 15. a4 a6 16. axb5 Qxb5 17. Qd2 Rd8 18. Rfc1 e5 19. e3 Kf8 20. Qc3 e4 21.
Be2 Nfd5 22. Bxc4 Nxc3 23. Bxb5 Nxb5 24. Rc4 Nd3 25. Rxa6 Nxb2 26. Rb4 Nc7 27.
Ra7 1-0

[Event "AUTO-ADV-2156"]
[Site "http://www.queenalice.com/game.php?id=936843"]
[Date "2011.5.11"]
[Round "1"]
[White "sandromm"]
[Black "sadalajorge"]
[Result "1-0"]
[WhiteElo "1686"]
[BlackElo "1732"]

1. e4 e5 2. Nf3 Nc6 3. Bc4 Nf6 4. Ng5 d5 5. exd5 Nxd5 6. d4 Be7 7. O-O Nxd4 8.
c3 Bxg5 9. Bxg5 Qxg5 10. cxd4 Nf4 11. Qf3 Bh3 12. Qg3 Bg4 13. f3 Nh5 14. Qxg4
1-0

[Event "AUTO-ADV-2156"]
[Site "http://www.queenalice.com/game.php?id=936844"]
[Date "2011.5.11"]
[Round "1"]
[White "sadalajorge"]
[Black "sandromm"]
[Result "1-0"]
[WhiteElo "1714"]
[BlackElo "1682"]

1. e4 e6 2. Nf3 c5 3. d4 cxd4 4. Nxd4 a6 5. Nc3 Bb4 6. Bd2 Nf6 7. e5 Nd5 8. Nxd5
Bxd2+ 9. Qxd2 exd5 10. O-O-O O-O 11. Bd3 d6 12. Rhe1 dxe5 13. Rxe5 Nc6 14. Nxc6
bxc6 15. Rde1 Be6 16. b3 a5 17. a4 Qd6 18. Rh5 g6 19. Qh6 Qa3+ 20. Kd2 Qb4+ 21.
c3 1-0

[Event "AUTO-ADV-2156"]
[Site "http://www.queenalice.com/game.php?id=936857"]
[Date "2011.5.11"]
[Round "1"]
[White "KingHermano"]
[Black "sadalajorge"]
[Result "1-0"]
[WhiteElo "1937"]
[BlackElo "1729"]

1. e4 e5 2. Nf3 Nc6 3. Bc4 Bc5 4. d3 Nf6 5. a3 d5 6. Bxd5 Nxd5 7. exd5 Qxd5 8.
c4 Qd6 9. O-O Bg4 10. h3 Bh5 11. Be3 O-O-O 12. Bxc5 Qxc5 13. Qe2 f6 14. Nc3 a6
15. Qe4 Bg6 16. Qe3 Rxd3 17. Qxc5 1-0

[Event "AUTO-ADV-2156"]
[Site "http://www.queenalice.com/game.php?id=936858"]
[Date "2011.5.11"]
[Round "1"]
[White "sadalajorge"]
[Black "KingHermano"]
[Result "0-1"]
[WhiteElo "1713"]
[BlackElo "1933"]

1. e4 c5 2. Nf3 a6 3. d4 e6 4. c4 cxd4 5. Nxd4 Bc5 6. Be3 Qb6 7. b3 g6 8. Nc2
Bxe3 9. Nxe3 Ne7 10. Nd2 Nbc6 11. Nf3 O-O 12. h4 Kg7 13. Be2 h5 14. Qd3 Qb4+ 15.
Nd2 f5 16. a3 fxe4 17. Qxe4 Qc3 18. Qb1 Nd4 19. Rh3 Qa5 20. b4 Qc7 21. Qb2 e5
22. Bd3 d6 0-1

[Event "AUTO-ADV-2156"]
[Site "http://www.queenalice.com/game.php?id=936867"]
[Date "2011.5.11"]
[Round "1"]
[White "sadalajorge"]
[Black "chesspsico2"]
[Result "0-1"]
[WhiteElo "1721"]
[BlackElo "2029"]

1. e4 c5 2. c3 Nc6 3. d4 cxd4 4. cxd4 d5 5. Nc3 e6 6. Nf3 dxe4 7. Nxe4 Nf6 8.
Bg5 Be7 9. Nxf6+ Bxf6 10. Bxf6 Qxf6 11. Bc4 O-O 12. O-O Bd7 13. d5 exd5 14. Bxd5
Rad8 15. Qb3 Na5 16. Qc3 Qxc3 17. bxc3 Bc6 18. Bxc6 Nxc6 19. Rad1 Rfe8 20. a4
Kf8 21. Rxd8 Rxd8 22. Ng5 h6 23. Ne4 b6 24. g4 Rd5 25. Ra1 Ne5 26. h3 Rd3 27.
Kg2 Ng6 28. f3 Nh4+ 29. Kf2 Rxf3+ 0-1

[Event "AUTO-ADV-2156"]
[Site "http://www.queenalice.com/game.php?id=936868"]
[Date "2011.5.11"]
[Round "1"]
[White "chesspsico2"]
[Black "sadalajorge"]
[Result "1-0"]
[WhiteElo "2028"]
[BlackElo "1717"]

1. e4 e5 2. Nf3 Nc6 3. Bc4 Bc5 4. O-O Nf6 5. d3 d5 6. exd5 Nxd5 7. Bg5 f6 8. Bd2
Nd4 9. Nxd4 Bxd4 10. Nc3 Nxc3 11. Bxc3 h5 12. Bxd4 Qxd4 13. c3 Qg4 14. Re1 Qxd1
15. Raxd1 Bg4 16. f3 Bf5 17. d4 O-O-O 18. dxe5 Rxd1 19. Rxd1 fxe5 20. Kf2 Rd8
21. Rxd8+ Kxd8 22. Ke3 Kd7 23. Bd5 c6 24. Be4 g6 25. Bxf5+ gxf5 26. g3 Kd6 27.
h3 Ke6 28. b3 b5 29. a3 a5 30. g4 fxg4 31. fxg4 hxg4 32. hxg4 c5 33. Ke4 Kf6 34.
g5+ 1-0